Normal view
MARC view
- Ben-Ari, Mordechai
Entry Personal Name
001 - CONTROL NUMBER
- control field: 58313
003 - CONTROL NUMBER IDENTIFIER
- control field: NUST
005 - DATE AND TIME OF LATEST TRANSACTION
- control field: 20210628202117.0
008 - FIXED-LENGTH DATA ELEMENTS
- fixed length control field: 210628|| aca||aabn | a|a d
040 ## - CATALOGING SOURCE
- Original cataloging agency: NUST
- Transcribing agency: NUST
100 ## - HEADING--PERSONAL NAME
- Personal name: Ben-Ari, Mordechai
670 ## - SOURCE DATA FOUND
- Source citation: Work cat.: (NUST): Ben-Ari, Mordechai, Mathematical logic for computer science, 2001
